Hirisan

Bibliographic Details
Main Author: Hassanuddin Md.Isa
Format: Book
Published: Kuala Lumpur : Creative Enterprise , 1994
Subjects:

MARC

LEADER 00000cam a2200000 7i4500
001 0000001919
002 000002084
005 20000330.0
020 |a 9838931276 
090 0 0 |a F   |b HAS 
100 0 |a Hassanuddin Md.Isa 
245 1 0 |a Hirisan   |c Hassanuddin Md.Isa 
260 |a Kuala Lumpur :   |b Creative Enterprise ,   |c 1994 
300 |a 185 p. :   |b ill. ;   |c 18 cm. 
650 0 0 |a Romance fiction 
999 |a 035658   |b BUKU   |c PINJAMAN   |e PERPUSTAKAAN KOMUNITI PETALING JAYA 
999 |a 044684   |b BUKU   |c PINJAMAN   |e PERPUSTAKAAN KOMUNITI CAW KOTA DAMANSARA